Country Flags That Contain Themselves - Statistics

General Stats
  • This quiz has been taken 101 times
  • The average score is 5 of 8
Answer Stats
Country % Correct
Poland
94%
Indonesia
87%
Monaco
81%
Ukraine
71%
Seychelles
65%
Czechia
44%
Benin
29%
Madagascar
29%
No matching quizzes found
Score Distribution
Percent of People with Each Score
Percentile by Number Answered
Your Score History
You have not taken this quiz